00478nam a22001337a 4500003000500000038001800005082000800023100002600031245013500057264003400192300002500226710003500251856005800286NUST aNusrat Nadeem a200 aRiaz-ud-Din, Muhammad aSparse Representation of Signals and Dictionary Learning, Applied to Hyperspectral and Multispectral Images/cMuhammad Riaz-ud-Din aIslamabad;bSEECS NUSTc2024. a212,p;bill;c30,cm. aSupervisor: Dr. Faisal Shafait u http://10.250.8.41:8080/xmlui/handle/123456789/44040